000 00304nam a22001457a 4500
003 SGT
020 _a9789389053739
082 _a823.912,ORW
100 _aORWELL GEORGE
245 _a1984
260 _aNEW DELHI
_bFINGER PRINT CLASSICS
300 _a303
650 _aEnglish drama
942 _2ddc
_cBK
999 _c22018
_d22018